NBA Players First Team - Statistics

General Stats
  • This quiz has been taken 28 times
  • The average score is 13 of 18
Answer Stats
Player Team % Correct
Shaquille O'Neal Magic
100%
Dominique Wilkins Hawks
96%
Karl malone Jazz
96%
Dwight Howard Magic
92%
Kevin Garnett Timberwolves
92%
Steve Nash Suns
88%
Charles Barkley 76ers
81%
Dennis Rodman Pistons
81%
Tracy McGrady Raptors
77%
Carmelo Anthony Nuggets
73%
Jason Kidd Mavericks
69%
Chris Paul Pelicans
69%
Ray Allen Bucks
62%
Grant Hill Pistons
58%
Wilt Chamberlain Warriors
58%
Richard Jefferson Nets
54%
Rudy Gay Grizzlies
38%
Ben Wallace Wizards
4%
No matching quizzes found
Score Distribution
Percent of People with Each Score
Percentile by Number Answered
Your Score History
You have not taken this quiz